Understanding the self/ (Record no. 364556)
[ view plain ]
| 000 -LEADER | |
|---|---|
| fixed length control field | 00413nam a2200133Ia 4500 |
| 008 - FIXED-LENGTH DATA ELEMENTS--GENERAL INFORMATION | |
| fixed length control field | 201002s9999 xx 000 0 und d |
| 020 ## - INTERNATIONAL STANDARD BOOK NUMBER | |
| International Standard Book Number | 978-971-981-103-9 |
| 100 ## - MAIN ENTRY--PERSONAL NAME | |
| Personal name | Go-Monilla, Ma. Joycelyn |
| 245 ## - TITLE STATEMENT | |
| Statement of responsibility, etc | Ma. Joycelyn Go-Monilla, Normaliza Ramirez |
| Title | Understanding the self/ |
| 260 ## - PUBLICATION, DISTRIBUTION, ETC. (IMPRINT) | |
| Place of publication, distribution, etc | Manila: |
| Name of publisher, distributor, etc | C&E Publishing |
| Date of publication, distribution, etc | 2018 |
| 300 ## - PHYSICAL DESCRIPTION | |
| Extent | xiii, 250 pages |
| Dimensions | 22 cm. |
| 650 ## - SUBJECT ADDED ENTRY--TOPICAL TERM | |
| Topical term or geographic name as entry element | Human behavior |
| 650 ## - SUBJECT ADDED ENTRY--TOPICAL TERM | |
| Topical term or geographic name as entry element | Psychology |
| Withdrawn status | Lost status | Damaged status | Home library | Current library | Shelving location | Date acquired | Source of acquisition | Total Checkouts | Full call number | Barcode | Date last seen | Price effective from | Koha item type |
|---|---|---|---|---|---|---|---|---|---|---|---|---|---|
| Luxembourg Library | Luxembourg Library | Filipiniana Section | 10/02/2020 | Library Fund | BF 199 .G6 2018 | 20927 | 10/02/2020 | 10/02/2020 | Books |